ბათუმის შოთა რუსთაველის სახელმწიფო უნივერსიტეტის ბიბლიოთეკა

აჭარის და ართვინის ვილაიეთის სუბტროპიკული ზონის აგროცენოზთა ალგოფლორის სისტემატიკა და ეკოლოგიური ასპექტი / (ბიბ.ჩანაწერი № 51909)

000 -ლიდერი
ფიქსირებული სიგრძის საკონტროლო ველი 01829nam a2200253Ia 4500
001 - საკონტროლო ნომერი
საკონტროლო ველი 18909
003 - საკონტროლო ნომრის იდენტიფიკატორი
საკონტროლო ველი GE_BSU
005 - ბოლო ოპერაციის თარიღი და დრო
საკონტროლო ველი 20220919161810.0
008 - ფიქსირებული სიგრძის მონაცემთა ელემენტები - ზოგადი ინფორმაცია
ფიქსირებული სიგრძის საკონტროლო ველი 181216s2013||||ge |||||||||||||| ||geo||
040 ## - კატალოგიზაციის წყარო
Transcribing agency GE_BSU
041 ## - ენის კოდი
Language code of text/sound track or separate title geo
080 ## - უნივერსალური ათობითი კლასიფიკაციის ინდექსი
Universal Decimal Classification number 63 ბ-56
100 ## - მთავარი ჩანაწერი - პიროვნების სახელი
Personal name ბერიძე, გიული
9 (RLIN) 11621
245 ## - ცნობა სათაურის შესახებ
Title აჭარის და ართვინის ვილაიეთის სუბტროპიკული ზონის აგროცენოზთა ალგოფლორის სისტემატიკა და ეკოლოგიური ასპექტი /
Statement of responsibility, etc გიული ბერიძე; სამეცნიერო ხელმძღვანელი ო. შანიძე, აიდან თოფექჩიუგლუ; დისერტაცია: ბათუმის შოთა რუსთაველის სახ-ფო უნ-ტი.
264 ## - წარმოების, გამოცემის, დისტრიბუციის და სხვა ცნობები
გამოცემის, წარმოების, დისტრიბუციის... ადგილი ბათუმი,
გამოცემის, წარმოების, დისტრიბუციის... თარიღი 2013.
300 ## - ფიზიკური აღწერა
Extent 174 გვ.;
Other physical details 30 სმ.
653 ## - INDEX TERM--UNCONTROLLED
Uncontrolled term აჭარის და ართვინის ვილაიეთის სუბტროპიკული ზონის აგროცენოზთა ალგოფლორის სისტემატიკა და ეკოლოგიური ასპექტი
653 ## - INDEX TERM--UNCONTROLLED
Uncontrolled term დისერტაცია
653 ## - INDEX TERM--UNCONTROLLED
Uncontrolled term სოფლის მეურნეობა
700 ## - ADDED ENTRY--PERSONAL NAME
Personal name შანიძე, ო.
Relator term სამეცნიერო ხელმძღვანელი
9 (RLIN) 11622
700 ## - ADDED ENTRY--PERSONAL NAME
Personal name თოფექჩიუგლუ, აიდან
Relator term სამეცნიერო ხელმძღვანელი
9 (RLIN) 11623
710 ## - ADDED ENTRY--CORPORATE NAME
Corporate name or jurisdiction name as entry element ბათუმის შოთა რუსთაველის სახ-ფო უნ-ტი
9 (RLIN) 11624
942 ## - ADDED ENTRY ELEMENTS (KOHA)
Koha item type წიგნი
Source of classification or shelving scheme
ეგზემპლარები
ჩამოწერის სტატუსი დაკარგული ეგზემპლარის სტატუსი კლასიფიკაციის წყარო ან თაროზე გაწყობის სქემა დაზიანების სტატუსი არ გაიცემა მუდმივი მდებარეობა (დაცვის ადგილი) ამჟამინდელი ადგილსამყოფელი შეძენის თარიღი სრული შენახვის შიფრი შტრიხკოდი ბოლო ოპერაციის თარიღი ეგზემპლარის მიმდევრობითი ნომერი (კეტერი?) ფასის ძალაში შესვლის თარიღი ეგზემპლარის სახეობა
        შიდა ფონდი ბათუმის შოთა რუსთაველის სახელმწიფო უნივერსიტეტის მთავარი ბიბლიოთეკა ბათუმის შოთა რუსთაველის სახელმწიფო უნივერსიტეტის მთავარი ბიბლიოთეკა 2018-12-17 63 ბ-56 126 დისერტ. 2018-12-17 126 2018-12-17 დისერტაცია